000 nam a22 7a 4500
999 _c10473
_d10473
008 180217b ||||| |||| 00| 0 eng d
100 _aVerma, A S
_96395
245 _aFormativeassesment X
260 _aNew delhi
_bS, Dinesh publication
_c2013